书目信息 |
| 题名: |
养老保险案例
|
|
| 作者: | 杨立雄 主编 | |
| 分册: | ||
| 出版信息: | 北京 中国劳动社会保障出版社 2009 |
|
| 页数: | 225页 | |
| 开本: | 23cm | |
| 丛书名: | 社会保障与劳动案例系列丛书 | |
| 单 册: | ||
| 中图分类: | D922.284.5 | |
| 科图分类: | ||
| 主题词: | 养老保险--保险法--案例--分析--中国 , 养老保险 , 保险法 , 案例 | |
| 电子资源: | ||
| ISBN: | 978-7-5045-7853-2 | |
| 000 | 00944oam2 2200301 450 | |
| 001 | 100428634229 | |
| 005 | 20110224090611.85 | |
| 010 | @a978-7-5045-7853-2@dCNY26.00 | |
| 035 | @a004283044 | |
| 100 | @a20091010d2009 em y0chiy0110 ea | |
| 101 | 0 | @achi |
| 102 | @aCN@b110000 | |
| 105 | @ay z 000yy | |
| 106 | @ar | |
| 200 | 1 | @a养老保险案例@9yang lao bao xian an li@f杨立雄主编 |
| 210 | @a北京@c中国劳动社会保障出版社@d2009 | |
| 215 | @a225页@d23cm | |
| 225 | 2 | @a社会保障与劳动案例系列丛书 |
| 330 | @a本书阐述了养老保险制度安排、养老保险征缴管理、养老保险基金管理、养老保险待遇发放管理等内容。 | |
| 461 | 0 | @12001 @a社会保障与劳动案例系列丛书 |
| 606 | 0 | @a养老保险@x保险法@x案例@x分析@y中国 |
| 606 | 0 | @a养老保险 |
| 606 | 0 | @a保险法 |
| 606 | 0 | @a案例 |
| 690 | @aD922.284.5@v4 | |
| 701 | 0 | @a杨立雄@9yang li xiong@f(1968~)@4主编 |
| 801 | 0 | @aCN@bNLC@c20110224 |
| 905 | @b205996537-564@h599653-56@dD922.284.5@e938@f4 | |
| 养老保险案例/杨立雄主编.-北京:中国劳动社会保障出版社,2009 |
| 225页;23cm.-(社会保障与劳动案例系列丛书) |
| ISBN 978-7-5045-7853-2:CNY26.00 |
| 本书阐述了养老保险制度安排、养老保险征缴管理、养老保险基金管理、养老保险待遇发放管理等内容。 |
| ● |
| 相关链接 |
|
|
|
|
正题名:养老保险案例
索取号:D922.284.5/938
 
预约/预借
| 序号 | 登录号 | 条形码 | 馆藏地/架位号 | 状态 | 备注 |
| 1 | 599653 | 205996537 | 第一样本阅览室/ [索取号:D922.284.5/938] | 在馆 | |
| 2 | 599654 | 205996546 | 密集书库-史法系/ [索取号:D922.284.5/938] | 在馆 | |
| 3 | 599655 | 205996555 | 第一借阅区/ [索取号:D922.284.5/938] | 在馆 | |
| 4 | 599656 | 205996564 | 第一借阅区/ [索取号:D922.284.5/938] | 在馆 |